[Event "European Blitz 2022"]
[Site "Katowice POL"]
[Date "2022.12.16"]
[Round "18.50"]
[White "Klenburg, Michael"]
[Black "Martinez Pla, Xavier"]
[Result "1-0"]
[WhiteTitle "IM"]
[BlackTitle "FM"]
[WhiteElo "2347"]
[BlackElo "2277"]
[WhiteFideId "14102072"]
[BlackFideId "32074271"]
[EventDate "2022.12.16"]

1. g3 Nf6 2. Bg2 e5 3. c4 Nc6 4. Nc3 g6 5. d3 Bg7 6. Nf3 O-O 7. Nd2 d6 8. O-O
Be6 9. Nd5 Qd7 10. Re1 Ne8 11. Rb1 Nd8 12. Qc2 c6 13. Nc3 f5 14. b4 g5 15. b5 f4
16. bxc6 bxc6 17. Nde4 h6 18. Qa4 g4 19. Ba3 f3 20. Bf1 fxe2 21. Bxe2 Qf7 22.
Rf1 c5 23. Nb5 Qe7 24. Qa6 Bc8 25. Qa5 Nc6 26. Qd2 a6 27. Nbc3 Be6 28. Rb6 Nd4
29. Rfb1 Ra7 30. Rb8 Nf6 31. Rxf8+ Qxf8 32. Rb6 Ne8 33. Rb8 Kh7 34. Nxd6 Qxd6
35. Rxe8 Qc6 36. Rb8 Bf5 37. Rb1 Rb7 38. Rxb7 Qxb7 39. Bxc5 Nf3+ 40. Bxf3 gxf3
41. Be3 Qd7 42. Nd5 Be6 43. Nc3 Bf5 44. Ne4 Bg6 45. Qe1 Qxd3 46. Nd2 Qc2 47.
Nxf3 Be4 48. Nd2 Bg6 49. c5 Qc3 50. Qd1 Bd3 51. Nb3 Be4 52. Qd2 Qc4 53. Qc1 Qd3
54. c6 Bf5 55. c7 Bc8 56. Nc5 Qd5 57. Qc2+ Kh8 58. a4 Qc6 59. a5 Bb7 60. f3 Qxf3
61. Nxb7 Qxe3+ 62. Qf2 Qc1+ 63. Kg2 Qxc7 64. Qf3 Qc2+ 65. Kh3 Qc8+ 66. Kh4 Qc7
67. Kh5 Qd7 68. Nc5 Qh3+ 69. Kg6 Qc8 70. Qd5 Qe8+ 71. Qf7 Qc6+ 72. Ne6 Qe4+ 73.
Qf5 Qc6 74. Kh5 Qe8+ 75. Kh4 Qe7+ 76. Kh3 Bf6 77. Nc5 Kg7 78. Nxa6 Qb7 79. Nc5
Qb5 80. Qd7+ Qxd7+ 81. Nxd7 e4 82. a6 Bd4 83. Kg4 e3 84. Kf3 Kf7 85. Ne5+ Ke6
86. Ng4 h5 87. Nxe3 Ba7 88. Ng2 Kf5 89. Ne1 Ke5 90. Nd3+ Kd5 91. Nf4+ 1-0

[Event "European Blitz 2022"]
[Site "Katowice POL"]
[Date "2022.12.16"]
[Round "18.51"]
[White "Petrovskyi, Vadym"]
[Black "Vardanyan, Aras"]
[Result "1-0"]
[WhiteTitle "FM"]
[BlackTitle "CM"]
[WhiteElo "2402"]
[BlackElo "2271"]
[WhiteFideId "14165210"]
[BlackFideId "12808792"]
[EventDate "2022.12.16"]

1. e4 c5 2. Nf3 d6 3. d4 cxd4 4. Nxd4 Nf6 5. Nc3 Nc6 6. Bg5 g6 7. Bxf6 exf6 8.
Qd2 Bg7 9. Bb5 Bd7 10. Nb3 Be6 11. O-O-O O-O 12. Qxd6 Qb6 13. Qc5 f5 14. Qxb6
axb6 15. exf5 Bxb3 16. cxb3 Bxc3 17. bxc3 Rxa2 18. Rhf1 Rfa8 19. fxg6 hxg6 20.
Ba4 Re8 21. Bb5 Rea8 22. Bd3 Kg7 23. Bb1 R2a3 24. Kb2 R3a5 25. Rfe1 Rh8 26. h3
Rg5 27. Be4 b5 28. Rd7 Re8 29. Rxb7 Na5 30. Ra7 Nc6 31. Rc7 Ne5 32. f4 Nd3+ 33.
Bxd3 Rxg2+ 34. Re2 Rexe2+ 35. Bxe2 Rxe2+ 36. Ka3 Rf2 37. Kb4 Rxf4+ 38. Kxb5 g5
39. b4 Rf3 40. c4 Rxh3 41. c5 g4 42. Rd7 g3 43. Rd1 g2 44. Rg1 Rg3 45. c6 Kh6
46. c7 Rg8 47. Rxg2 Rc8 48. Kc6 1-0

[Event "European Blitz 2022"]
[Site "Katowice POL"]
[Date "2022.12.16"]
[Round "18.52"]
[White "Gretarsson, Helgi Ass"]
[Black "Rudzinska, Michalina"]
[Result "1/2-1/2"]
[WhiteTitle "GM"]
[BlackTitle "WFM"]
[WhiteElo "2451"]
[BlackElo "2256"]
[WhiteFideId "2300699"]
[BlackFideId "1172883"]
[EventDate "2022.12.16"]

1. d4 Nf6 2. c4 e6 3. Nf3 b6 4. Bf4 Bb7 5. e3 c5 6. Nc3 cxd4 7. Nxd4 a6 8. Rc1
d6 9. Nf3 Be7 10. Be2 O-O 11. O-O Nc6 12. Qc2 Rc8 13. Rfd1 Qc7 14. a3 Rfd8 15.
h3 Qb8 16. Nd2 Ne5 17. Qb1 Qa8 18. Bf1 Ng6 19. Bh2 Nh4 20. e4 Ng6 21. Be2 Bc6
22. b4 Bb7 23. f4 Nd7 24. Bd3 Bf6 25. Ne2 d5 26. cxd5 exd5 27. e5 Be7 28. Nd4 a5
29. e6 Nf6 30. exf7+ Kxf7 31. Rxc8 Qxc8 32. Bf5 Qc3 33. N2f3 Ne4 34. Re1 Nh4 35.
Be6+ Kf8 36. Bg4 1/2-1/2

[Event "European Blitz 2022"]
[Site "Katowice POL"]
[Date "2022.12.16"]
[Round "18.53"]
[White "Kuzmicz, Krystian"]
[Black "Budrewicz, Krzysztof"]
[Result "1/2-1/2"]
[WhiteTitle "IM"]
[WhiteElo "2466"]
[BlackElo "2184"]
[WhiteFideId "1119125"]
[BlackFideId "1127950"]
[EventDate "2022.12.16"]

1. e4 g6 2. g3 Bg7 3. Bg2 c5 4. d3 Nc6 5. f4 e6 6. Nf3 Nge7 7. O-O d6 8. c3 O-O
9. Be3 Rb8 10. Bf2 b5 11. d4 cxd4 12. cxd4 d5 13. e5 b4 14. Nbd2 Ba6 15. Re1 Na5
16. Nb3 Nxb3 17. axb3 Qb6 18. g4 Bb5 19. Bh4 Nc6 20. f5 exf5 21. gxf5 gxf5 22.
Bh3 f6 23. e6 Ne7 24. Qd2 a5 25. Qf4 Bd3 26. Rac1 Be4 27. Rc7 Qxe6 28. Rxe7 Qxe7
29. Bxf5 Qf7 30. Bh3 Rbe8 31. Rc1 Qg6+ 32. Kf2 Bh6 33. Qc7 Bxc1 34. Qxc1 Bxf3
35. Kxf3 Qe4+ 36. Kg3 Qe3+ 1/2-1/2

[Event "European Blitz 2022"]
[Site "Katowice POL"]
[Date "2022.12.16"]
[Round "18.54"]
[White "Dehtiarov, Roman"]
[Black "Cramling, Pia"]
[Result "1-0"]
[WhiteTitle "FM"]
[BlackTitle "GM"]
[WhiteElo "2300"]
[BlackElo "2463"]
[WhiteFideId "14186640"]
[BlackFideId "1700030"]
[EventDate "2022.12.16"]

1. e4 c5 2. Nc3 Nc6 3. f4 g6 4. Nf3 Bg7 5. Bb5 Nd4 6. O-O e6 7. e5 Ne7 8. Nxd4
cxd4 9. Ne4 O-O 10. b3 Nd5 11. Ba3 f6 12. Bxf8 Qxf8 13. Bc4 Nb6 14. Qe2 d5 15.
exd6 Kh8 16. Rae1 Qd8 17. Qf2 Nxc4 18. bxc4 Kg8 19. c5 b6 20. Qf3 Rb8 21. c6 Qf8
22. d7 Bxd7 23. cxd7 Rd8 24. Ng3 Qd6 25. Qe4 Kf7 26. f5 gxf5 27. Nxf5 Qxd7 28.
Nxg7 Kxg7 29. Qxe6 Qxe6 30. Rxe6 Rc8 31. Rexf6 Rxc2 32. Rf7+ Kg6 33. Rxa7 Rxd2
34. Rb7 Rb2 35. a4 d3 36. a5 b5 37. a6 Ra2 38. a7 d2 39. Rd1 b4 40. Rxb4 Rxa7
41. Rxd2 1-0

[Event "European Blitz 2022"]
[Site "Katowice POL"]
[Date "2022.12.16"]
[Round "18.55"]
[White "Kovalevsky, Stanislav"]
[Black "Morgunov, Marc"]
[Result "0-1"]
[WhiteTitle "FM"]
[BlackTitle "FM"]
[WhiteElo "2237"]
[BlackElo "2402"]
[WhiteFideId "13508598"]
[BlackFideId "1640305"]
[EventDate "2022.12.16"]

1. c4 Nf6 2. Nc3 g6 3. g3 Bg7 4. Bg2 O-O 5. b4 d6 6. Bb2 e5 7. e3 c6 8. Nge2 d5
9. cxd5 cxd5 10. O-O Nc6 11. b5 Ne7 12. f4 exf4 13. Nxf4 d4 14. Ne4 Nxe4 15.
Bxe4 Nf5 16. Qf3 dxe3 17. Bxg7 Kxg7 18. dxe3 Qb6 19. Nd5 Qd6 20. g4 Ne7 21. Rad1
Nxd5 22. Bxd5 Qe7 23. Rd4 Rb8 24. Qf4 Be6 25. Qe5+ Kg8 26. Bxe6 fxe6 27. Rd6
Rxf1+ 28. Kxf1 Rf8+ 29. Kg2 Rf6 30. h4 Kf7 31. Qd4 Ke8 32. g5 Rf5 33. Qh8+ Rf8
34. Qd4 Rf5 35. a4 Rf8 36. a5 Rf5 37. a6 bxa6 38. bxa6 Rf7 39. Qe5 Rf5 40. Qxe6
Qxe6 41. Rxe6+ Kd7 42. Re4 Ra5 43. Rb4 Rxa6 44. Rb7+ Ke6 45. Rxh7 Ke5 46. Kf3
Kf5 47. Rf7+ Ke5 48. Re7+ Kd6 49. Rg7 Ke5 50. Rh7 Kd5 51. Rh6 Rb6 52. Kf4 Rb4+
53. Kf3 Rb6 54. e4+ Ke5 55. Rh7 a5 56. Re7+ Kd4 57. Rd7+ Kc5 58. Rd5+ Kb4 59. e5
a4 60. Rd6 Rb5 61. e6 a3 62. Kf4 Rf5+ 63. Ke4 a2 64. Ra6 Ra5 0-1

[Event "European Blitz 2022"]
[Site "Katowice POL"]
[Date "2022.12.16"]
[Round "18.56"]
[White "Varvadoukas, Theodoros"]
[Black "Kowalski, Igor"]
[Result "0-1"]
[BlackTitle "IM"]
[WhiteElo "2109"]
[BlackElo "2344"]
[WhiteFideId "4210735"]
[BlackFideId "1172468"]
[EventDate "2022.12.16"]

1. e4 c6 2. d4 d5 3. e5 Bf5 4. Nc3 e6 5. g4 Bg6 6. Nge2 h5 7. Nf4 Bh7 8. Nxh5 c5
9. Be3 Nc6 10. Qd2 cxd4 11. Bxd4 Bxc2 12. Bb5 Bg6 13. Nf4 Ne7 14. Rc1 a6 15. Ba4
b5 16. Nxb5 axb5 17. Bxb5 Rc8 18. O-O Qd7 19. Rc3 Rb8 20. a4 Rxb5 21. axb5 Nd8
22. b6 Nec6 23. Rfc1 Bb4 24. Nxg6 Bxc3 25. Qxc3 fxg6 26. Bc5 d4 27. Qd3 Nxe5 28.
Qe4 Ndc6 29. f4 Nf7 30. Ba3 Nfd8 31. Qxg6+ Qf7 32. Qe4 Rh4 33. h3 Qd7 34. Qg6+
Qf7 35. Qe4 Qd7 36. Kg2 Qd5 37. Qxd5 exd5 38. b7 Kd7 39. Rc5 Nxb7 40. Rxd5+ Kc7
41. Rg5 Rh7 42. b4 Kb6 43. b5 Na7 44. Bb2 Nxb5 45. Kf3 Kc6 46. Kg3 N7d6 47. Rg6
d3 48. Kf2 Rxh3 49. Bxg7 Kd5 50. Be5 Ne4+ 51. Kg2 Re3 52. Kf1 d2 0-1

[Event "European Blitz 2022"]
[Site "Katowice POL"]
[Date "2022.12.16"]
[Round "18.57"]
[White "Novotny, Michal"]
[Black "Chyzy, Jakub"]
[Result "1-0"]
[WhiteTitle "FM"]
[BlackTitle "FM"]
[WhiteElo "2250"]
[BlackElo "2247"]
[WhiteFideId "310980"]
[BlackFideId "21806209"]
[EventDate "2022.12.16"]

1. e4 Nf6 2. e5 Nd5 3. d4 d6 4. c4 Nb6 5. exd6 exd6 6. Be3 Be7 7. Nc3 O-O 8. Bd3
Bf6 9. Nge2 Nc6 10. h3 d5 11. c5 Nc4 12. Qc2 Nxe3 13. fxe3 g6 14. O-O Nb4 15.
Qd2 Nxd3 16. Qxd3 Bg7 17. b4 c6 18. a4 Re8 19. Rf3 f5 20. b5 Qa5 21. Rb1 Bd7 22.
Nf4 Re7 23. bxc6 bxc6 24. Rb7 Rae8 25. h4 Bc8 26. Rxe7 Rxe7 27. Rf2 Ba6 28. Qd2
Qb4 29. Kh2 Qb8 30. g3 Qe8 31. Nd1 Re4 32. Qa5 Bc4 33. Qxa7 Rxe3 34. Nxe3 Qxe3
35. Qa8+ Kf7 36. Qb7+ Kg8 37. Qc8+ Kf7 38. Qd7+ Kg8 39. Rb2 Bb3 40. Qe6+ Qxe6
41. Nxe6 Bxa4 42. Rb8+ Kf7 43. Nxg7 Kxg7 44. Rb7+ Kh6 45. Kg2 Bc2 46. Kf3 g5 47.
hxg5+ Kxg5 48. Rxh7 Be4+ 49. Kf2 f4 50. Rc7 fxg3+ 51. Kxg3 Kf5 52. Rxc6 Bd3 53.
Rh6 Ke4 54. Rh4+ Ke3 55. c6 Bf5 56. c7 Bd7 57. Kg2 Kd3 58. Kf2 Kc4 59. Ke3 Kb5
60. Rh8 1-0

[Event "European Blitz 2022"]
[Site "Katowice POL"]
[Date "2022.12.16"]
[Round "18.58"]
[White "Tymrakiewicz, Rafal"]
[Black "Fus, Jakub"]
[Result "0-1"]
[WhiteTitle "FM"]
[BlackTitle "FM"]
[WhiteElo "2138"]
[BlackElo "2405"]
[WhiteFideId "1108832"]
[BlackFideId "1193023"]
[EventDate "2022.12.16"]

1. d4 Nf6 2. Bg5 d5 3. e3 e6 4. Nd2 c5 5. c3 Be7 6. Bd3 b6 7. Qe2 a5 8. Ngf3 Ba6
9. Bxa6 Nxa6 10. Ne5 Nb8 11. Bxf6 gxf6 12. Qb5+ Kf8 13. Nef3 Qc7 14. c4 dxc4 15.
Nxc4 Nd7 16. O-O Rg8 17. Rac1 Qb7 18. Kh1 cxd4 19. exd4 Kg7 20. Rfe1 Rgc8 21.
Ne3 Rxc1 22. Rxc1 Rc8 23. Qf1 f5 24. Rc4 Bf6 25. Qc1 Rxc4 26. Qxc4 Qe4 27. Qc2
b5 28. b3 Nb6 29. Qxe4 fxe4 30. Nd2 Bxd4 31. Nxe4 Bxe3 32. fxe3 Nd5 33. Nd6 b4
34. Nc4 Kf6 35. Kg1 Nc3 36. Nxa5 Nxa2 37. Nc6 Nc1 38. Nxb4 Nxb3 39. Kf2 Nc5 40.
Kf3 h5 41. Nc6 Kg5 42. g3 Nd7 43. h3 Kf5 44. Nd4+ Kg6 45. Nc6 Kg5 46. h4+ Kf5
47. Nd4+ Kf6 48. g4 Ne5+ 49. Kf4 Nxg4 50. Nc6 Nh6 51. e4 Ng8 52. e5+ Kg6 53. Ke4
Nh6 54. Ne7+ Kg7 55. Kf4 f6 56. exf6+ Kxf6 57. Nc6 Nf5 58. Nd8 Nxh4 59. Nxe6
Ng6+ 0-1

[Event "European Blitz 2022"]
[Site "Katowice POL"]
[Date "2022.12.16"]
[Round "18.59"]
[White "Voege, Tobias"]
[Black "Karpus, Michal"]
[Result "1-0"]
[WhiteTitle "FM"]
[BlackTitle "FM"]
[WhiteElo "2300"]
[BlackElo "2212"]
[WhiteFideId "1270513"]
[BlackFideId "1174088"]
[EventDate "2022.12.16"]

1. d4 Nf6 2. c4 e6 3. Nc3 Bb4 4. Nf3 c5 5. g3 O-O 6. Bg2 Ne4 7. Qc2 cxd4 8. Nxd4
Nxc3 9. bxc3 Be7 10. O-O Nc6 11. Rd1 Qa5 12. Rb1 a6 13. Be3 Ne5 14. Bxb7 Bxb7
15. Rxb7 Nxc4 16. Rxd7 Nxe3 17. fxe3 Bf6 18. Rc1 h6 19. c4 Qe5 20. Kf2 Rac8 21.
c5 h5 22. Nf3 Qb8 23. Rb1 Qa8 24. Rbb7 e5 25. Nd2 Rc6 26. Ne4 Qc8 27. Qb3 Re6
28. Qd5 a5 29. Nd6 Qa8 30. c6 e4 31. Nxf7 Qe8 32. Nd6 Be7+ 33. Kg2 Qf7 34. Nxf7 1-0

[Event "European Blitz 2022"]
[Site "Katowice POL"]
[Date "2022.12.16"]
[Round "18.60"]
[White "Strejczek, Dariusz"]
[Black "Madan, Augustin"]
[Result "1/2-1/2"]
[BlackTitle "IM"]
[WhiteElo "2149"]
[BlackElo "2292"]
[WhiteFideId "1122142"]
[BlackFideId "1210327"]
[EventDate "2022.12.16"]

1. e4 e6 2. f4 d5 3. e5 c5 4. Nf3 Nc6 5. g3 g6 6. Bg2 Bg7 7. O-O Nge7 8. d3 b5
9. a4 bxa4 10. Rxa4 Bd7 11. Ra1 Qb6 12. Kh1 h5 13. b3 Nf5 14. Nc3 Ncd4 15. Na4
Bxa4 16. Rxa4 O-O 17. Qd2 a6 18. Qf2 Nxf3 19. Bxf3 Nd4 20. Bg2 Rfc8 21. Be3 Bf8
22. Rfa1 Nf5 23. Bd2 Be7 24. Bh3 Nd4 25. Be3 Nb5 26. g4 hxg4 27. Bxg4 Nd4 28.
Kg2 Nf5 29. Bxf5 exf5 30. Qf3 Qc6 31. c4 d4 32. Qxc6 Rxc6 33. Bd2 Rb6 34. R4a3
Rab8 35. Rxa6 Rxa6 36. Rxa6 Rxb3 37. Ra7 Bf8 38. Be1 Bg7 39. Bh4 Rxd3 40. Ra8+
Kh7 41. Ra7 Re3 42. Rxf7 Kg8 43. Rd7 1/2-1/2

[Event "European Blitz 2022"]
[Site "Katowice POL"]
[Date "2022.12.16"]
[Round "18.61"]
[White "Mis, Mieszko"]
[Black "Stevanic, David"]
[Result "1-0"]
[WhiteTitle "FM"]
[BlackTitle "FM"]
[WhiteElo "2389"]
[BlackElo "2249"]
[WhiteFideId "1196448"]
[BlackFideId "14613921"]
[EventDate "2022.12.16"]

1. d4 Nf6 2. c4 g6 3. Nc3 Bg7 4. e4 d6 5. f4 O-O 6. Nf3 c5 7. d5 e6 8. Be2 exd5
9. cxd5 Re8 10. e5 dxe5 11. fxe5 Ng4 12. e6 fxe6 13. Bg5 Qa5 14. O-O e5 15. h3
Nh6 16. d6 Be6 17. Nd5 Na6 18. d7 Bxd7 19. Bxh6 Rad8 20. Bxg7 Kxg7 21. Ng5 Bf5
22. g4 Be6 23. Nxe6+ Rxe6 24. Bc4 b5 25. Qf3 Ree8 26. Qf6+ 1-0

[Event "European Blitz 2022"]
[Site "Katowice POL"]
[Date "2022.12.16"]
[Round "18.63"]
[White "Dragicevic, Drazen"]
[Black "Bazakutsa, Svyatoslav"]
[Result "1-0"]
[WhiteTitle "FM"]
[WhiteElo "2345"]
[BlackElo "2318"]
[WhiteFideId "1707922"]
[BlackFideId "14198525"]
[EventDate "2022.12.16"]

1. Nf3 Nf6 2. g3 g6 3. Bg2 Bg7 4. O-O O-O 5. d4 d6 6. a4 Nbd7 7. a5 a6 8. c4 e5
9. d5 Nh5 10. Nc3 f5 11. Ng5 Nc5 12. b4 h6 13. bxc5 hxg5 14. cxd6 cxd6 15. Na4
Qxa5 16. Bxg5 f4 17. Be7 Rf7 18. Bxd6 e4 19. Bxe4 Bxa1 20. Qxa1 Bf5 21. Bf3 b5
22. Nc3 Qd8 23. Be5 fxg3 24. hxg3 Bh3 25. Rd1 bxc4 26. d6 Rb8 27. Bd5 Qg5 28.
Ne4 Qf5 29. Bxf7+ Kxf7 30. f3 Rd8 31. Qd4 Qe6 1-0

[Event "European Blitz 2022"]
[Site "Katowice POL"]
[Date "2022.12.16"]
[Round "18.64"]
[White "Jarocka, Liwia"]
[Black "Bartel, Michal"]
[Result "1/2-1/2"]
[WhiteTitle "FM"]
[BlackTitle "FM"]
[WhiteElo "2143"]
[BlackElo "2250"]
[WhiteFideId "21807558"]
[BlackFideId "1119257"]
[EventDate "2022.12.16"]

1. d4 e6 2. c4 c5 3. d5 exd5 4. cxd5 d6 5. Nc3 g6 6. e4 a6 7. a4 Bg7 8. f4 Ne7
9. Nf3 Bg4 10. Be2 Bxf3 11. Bxf3 Nd7 12. O-O O-O 13. f5 f6 14. Bf4 Ne5 15. Bxe5
fxe5 16. fxg6 Nxg6 17. Bg4 Qb6 18. Qd2 c4+ 19. Kh1 Qd4 20. Qc2 Rab8 21. Bf5 b5
22. axb5 axb5 23. Rfd1 Qb6 24. b3 Nf4 25. bxc4 bxc4 26. Rab1 Qe3 27. Re1 Rxb1
28. Rxb1 Nd3 29. Rf1 Rb8 30. Nd1 Qd4 31. h3 Nf4 32. Nc3 Qd3 33. Qc1 Bh6 34. Rd1
Qg3 35. Qc2 Nd3 36. Be6+ Kh8 37. Ne2 Nf2+ 38. Kg1 Nxh3+ 39. Bxh3 Qe3+ 40. Kh1
Rb4 41. Ng1 Bf4 42. Nf3 c3 43. Re1 Qc5 44. Qa2 c2 45. Qa8+ Kg7 46. Qd8 Rb7 47.
Be6 c1=Q 48. Qg8+ Kh6 49. Qf8+ Rg7 50. Qf6+ Rg6 51. Qh4+ Kg7 52. Qe7+ Kh6 53.
Qh4+ Kg7 54. Qe7+ Kh6 55. Qh4+ 1/2-1/2

[Event "European Blitz 2022"]
[Site "Katowice POL"]
[Date "2022.12.16"]
[Round "18.65"]
[White "Karvatskyi, Oleksii"]
[Black "Trushko, Andrii"]
[Result "1-0"]
[WhiteElo "1995"]
[BlackElo "2006"]
[WhiteFideId "14191059"]
[BlackFideId "14172887"]
[EventDate "2022.12.16"]

1. d4 d5 2. Nc3 Nf6 3. Bf4 c6 4. e3 Bf5 5. f3 h5 6. Nge2 Nbd7 7. h4 e6 8. Ng3
Bb4 9. Qd2 Qa5 10. Nge2 c5 11. a3 cxd4 12. exd4 Rc8 13. Rd1 Bxc3 14. Nxc3 a6 15.
Bd3 Bxd3 16. Qxd3 Nb6 17. O-O Nc4 18. Bc1 Nxa3 19. Nxd5 Nxd5 20. bxa3 Qc3 21.
Qe4 Qxc2 22. Qe5 Qg6 23. f4 Qf6 24. Qd6 g6 25. f5 gxf5 26. Bg5 Qg6 27. Rc1 Ra8
28. Rfe1 Rg8 29. Qxd5 Kf8 30. Qe5 Re8 31. Rc7 Rg7 32. Re2 Kg8 33. Bf6 Rh7 34.
Rc3 Qg4 35. Rg3 Rh6 36. Rxg4+ hxg4 37. Bg5 Rg6 38. d5 Kh7 39. dxe6 Rexe6 40. Qb2
Rb6 41. Qa2 Rge6 42. Rxe6 fxe6 43. Qd2 Kg6 44. Qd8 Rb1+ 45. Kh2 f4 46. Qf6+ Kh7
47. Qh6+ Kg8 48. Qxe6+ Kg7 49. Qf6+ Kg8 50. Qg6+ 1-0

[Event "European Blitz 2022"]
[Site "Katowice POL"]
[Date "2022.12.16"]
[Round "18.66"]
[White "Arkell, Keith C"]
[Black "Adamczewski, Maciej"]
[Result "0-1"]
[WhiteTitle "GM"]
[WhiteElo "2406"]
[BlackElo "2071"]
[WhiteFideId "400270"]
[BlackFideId "1148702"]
[EventDate "2022.12.16"]

1. d4 Nf6 2. Nf3 g6 3. c4 Bg7 4. Nc3 O-O 5. g3 d6 6. Bg2 c5 7. dxc5 dxc5 8. O-O
Nc6 9. Bf4 Be6 10. Ne5 Nxe5 11. Bxe5 Qb6 12. Qb3 Qb4 13. Bxb7 Rad8 14. Bxf6 Bxf6
15. Bd5 Bh3 16. Rfd1 e6 17. Bg2 Bg4 18. Bf3 Bxf3 19. exf3 Rb8 20. Ne4 Bxb2 21.
Qxb4 cxb4 22. Rab1 Bg7 23. c5 Rfc8 24. Rd7 f5 25. Ng5 Rc6 26. Rxa7 h6 27. Nf7
Rxc5 28. f4 Rc2 29. Rd1 Bf8 30. Ne5 g5 31. fxg5 hxg5 32. Nd3 Rd8 33. Rb7 Rc3 34.
Nb2 Rxd1+ 35. Nxd1 Rc1 36. Rd7 Ra1 37. Rd2 Bg7 38. Kg2 g4 39. Ne3 Bc3 40. Re2
Kf7 41. Nc4 Kf6 42. Rc2 Rd1 43. a3 Rd4 44. Ne3 Rd3 45. axb4 Bxb4 46. Rc6 Bd2 47.
Nc4 Bb4 48. Ra6 Rc3 49. Ne3 Ke5 50. Ra2 Bc5 51. Nd1 Rc1 52. Rd2 Bd4 53. Nb2 0-1

[Event "European Blitz 2022"]
[Site "Katowice POL"]
[Date "2022.12.16"]
[Round "18.67"]
[White "Krivenko, Dion"]
[Black "Asllani, Muhamet"]
[Result "0-1"]
[WhiteElo "2141"]
[BlackElo "2228"]
[WhiteFideId "4508378"]
[BlackFideId "22100300"]
[EventDate "2022.12.16"]

1. e4 d5 2. exd5 Qxd5 3. Nc3 Qa5 4. d4 c6 5. Bc4 Nf6 6. Bd2 Bg4 7. f3 Bh5 8. Qe2
e6 9. d5 cxd5 10. Nxd5 Qd8 11. Nf4 Nc6 12. O-O-O Be7 13. g4 Bg6 14. Bc3 Qc7 15.
Nxg6 hxg6 16. Kb1 a6 17. h4 Rd8 18. Rxd8+ Kxd8 19. g5 Nh5 20. Qd2+ Kc8 21. Nh3
Ng3 0-1

[Event "European Blitz 2022"]
[Site "Katowice POL"]
[Date "2022.12.16"]
[Round "18.68"]
[White "Triadu Cassa, Jordi"]
[Black "Uruci, Endrit"]
[Result "0-1"]
[WhiteTitle "CM"]
[BlackTitle "FM"]
[WhiteElo "2195"]
[BlackElo "2297"]
[WhiteFideId "2241927"]
[BlackFideId "22100199"]
[EventDate "2022.12.16"]

1. e4 c6 2. d4 d5 3. Nc3 dxe4 4. Nxe4 Nf6 5. Nxf6+ exf6 6. c3 Bd6 7. Bd3 O-O 8.
Ne2 Re8 9. Qc2 g6 10. Be3 f5 11. O-O-O Be6 12. Kb1 b5 13. Nf4 Bxf4 14. Bxf4 Qd5
15. b3 Nd7 16. h4 h5 17. f3 a5 18. g4 a4 19. b4 Qxf3 20. Rdf1 Qxg4 21. Rhg1 Qh3
22. Rf2 Bd5 23. Bxf5 Qxf5 24. Qxf5 Be4+ 25. Qxe4 Rxe4 26. Bg5 Rae8 27. Rgg2 Kg7
28. Kc2 R8e6 29. Kd3 Nb6 30. Bf4 f6 31. Rg3 Nd5 32. Bd2 Rxh4 33. Rfg2 f5 34. c4
bxc4+ 35. Kxc4 Rg4 36. Kc5 Rxg3 37. Rxg3 Nf6 38. b5 Ne4+ 0-1

[Event "European Blitz 2022"]
[Site "Katowice POL"]
[Date "2022.12.16"]
[Round "18.69"]
[White "Gunnarsson, Arnar"]
[Black "Kubicka, Anna"]
[Result "1-0"]
[WhiteTitle "IM"]
[BlackTitle "WIM"]
[WhiteElo "2406"]
[BlackElo "2217"]
[WhiteFideId "2300915"]
[BlackFideId "1152254"]
[EventDate "2022.12.16"]

1. c4 e5 2. Nc3 Bb4 3. Nd5 Be7 4. Nf3 d6 5. g3 Nc6 6. Bg2 Nf6 7. O-O O-O 8. e3
h6 9. a3 a5 10. b3 Be6 11. Ne1 Qd7 12. Bb2 Rac8 13. f4 Bh3 14. Nxe7+ Nxe7 15.
fxe5 dxe5 16. Bxe5 Bxg2 17. Nxg2 Ne4 18. d3 Ng6 19. Bxg7 Kxg7 20. dxe4 Qe7 21.
Qd4+ f6 22. Nf4 Ne5 23. Qd5 c6 24. Qxa5 Kh7 25. Rad1 Rcd8 26. Rd4 Ra8 27. Qc3
Rxa3 28. Nd3 Raa8 29. Nxe5 fxe5 30. Rdd1 Qg5 31. Rd7+ Kg6 32. Rxf8 Rxf8 33. Qd3
Rf3 34. Rd6+ Kh5 35. Rd7 b5 36. cxb5 cxb5 37. Rd5 Rxe3 38. Qd1+ Kg6 39. Rd6+ Kg7
40. Rd7+ Kg6 41. Rd6+ Kg7 42. Qf1 Qe7 43. Rd5 Rc3 44. Qxb5 Rc1+ 45. Kg2 Rc2+ 46.
Kg1 Rc1+ 47. Kg2 Rc2+ 48. Kf3 Qf6+ 49. Kg4 Qg6+ 50. Kf3 Qh5+ 51. Ke3 Qg5+ 52.
Kf3 Qh5+ 53. Ke3 Qg5+ 54. Kf3 Qf6+ 55. Kg4 Qg5+ 56. Kf3 Qh5+ 1-0

[Event "European Blitz 2022"]
[Site "Katowice POL"]
[Date "2022.12.16"]
[Round "18.70"]
[White "Lucchi, Lorenzo"]
[Black "Larkin, Vladyslav"]
[Result "0-1"]
[BlackTitle "IM"]
[WhiteElo "2084"]
[BlackElo "2452"]
[WhiteFideId "821160"]
[BlackFideId "14152894"]
[EventDate "2022.12.16"]

1. e4 c5 2. c3 e6 3. d4 Nf6 4. e5 Nd5 5. Nf3 cxd4 6. cxd4 d6 7. Bc4 Nc6 8. O-O
Be7 9. Nc3 Nxc3 10. bxc3 dxe5 11. Nxe5 Nxe5 12. dxe5 Qxd1 13. Rxd1 Bd7 14. Rb1
b6 15. Be3 Rc8 16. Rd4 Bc6 17. Ba6 Rc7 18. Rbd1 O-O 19. R4d2 Ba4 20. Rc1 Ba3 21.
Rb1 Rxc3 22. h4 Bc1 23. Rd4 Bxe3 24. Rxa4 Bc5 25. Rd1 Rc2 26. Rf4 Rxa2 27. Bc4
Rc2 28. Rd7 Bxf2+ 29. Kf1 Be3 30. Re4 Rf2+ 31. Ke1 Bc5 32. Rg4 a5 33. Bxe6 h5
34. Rg5 Rf4 35. Bd5 Bf2+ 36. Ke2 Bxh4 37. Rxh5 g6 38. g3 Bxg3 39. Rh3 Bf2 40. e6
Kg7 41. exf7 Bc5 42. Rb7 a4 43. Ra7 a3 44. Rf3 Rb4 45. Rb3 Rxb3 46. Bxb3 Kf6 47.
Kf3 Ke5 48. Rb7 Kd4 49. Kg4 Kc3 50. Be6 Kb2 51. Ra7 b5 52. Ra5 Rb8 53. Kg5 Bf8
54. Kxg6 b4 55. Kh7 b3 56. Kg8 a2 57. Bxb3 Kxb3 58. Re5 a1=Q 0-1

[Event "European Blitz 2022"]
[Site "Katowice POL"]
[Date "2022.12.16"]
[Round "18.71"]
[White "Jaskolka, Tomasz"]
[Black "Barski, Radoslaw"]
[Result "0-1"]
[WhiteTitle "CM"]
[BlackTitle "IM"]
[WhiteElo "2188"]
[BlackElo "2441"]
[WhiteFideId "1170791"]
[BlackFideId "1131710"]
[EventDate "2022.12.16"]

1. d4 d5 2. Bf4 e6 3. e3 Nf6 4. Nf3 c5 5. c3 Nc6 6. Nbd2 Be7 7. Bd3 Nh5 8. Bg3
O-O 9. Ne5 g6 10. f4 f6 11. Nxc6 bxc6 12. Bf2 Rb8 13. Qc2 Qb6 14. Rb1 cxd4 15.
cxd4 c5 16. O-O cxd4 17. exd4 Nxf4 18. Bg3 Nxd3 19. Qxd3 Ba6 20. Qe3 Rbc8 21.
Rfe1 e5 22. Bf2 e4 23. h4 f5 24. Qh6 f4 25. Nf3 e3 26. Kh2 Bf6 27. Bg1 Bd3 28.
Rbd1 Bg7 29. Qg5 Be4 30. b3 Rc2 31. Kh1 Rf5 32. Qe7 Rf8 33. Bh2 Qf6 34. Qd7 Bxf3
35. gxf3 Qxh4 0-1